000
00300nam a22001337a 4500
008
170529b xxu||||| |||| 00| 0 eng d
020
_a
0471223719
041
_a
eng
080
_a
621.36
100
_a
26
101
_a
IM
245
_a
SOLAR ENERGY THERMAL PROCESSES
_c
DUFFIE, J.A
942
_2
udc
_c
BK
999
_c
14882
_d
14882